Definition of a dog, (Record no. 15895)

MARC details
000 -LEADER
fixed length control field 00610cam a22002051 4500
001 - CONTROL NUMBER
control field ca 24000874
003 - CONTROL NUMBER IDENTIFIER
control field DLC
005 - DATE AND TIME OF LATEST TRANSACTION
control field 20260227111113.0
008 - FIXED-LENGTH DATA ELEMENTS--GENERAL INFORMATION
fixed length control field 870916s1924 cau 000 0 eng
010 ## - LIBRARY OF CONGRESS CONTROL NUMBER
LC control number ca 24000874
035 ## - SYSTEM CONTROL NUMBER
System control number (OCoLC)16693602
040 ## - CATALOGING SOURCE
Original cataloging agency DLC
Transcribing agency CLU
Modifying agency DLC
042 ## - AUTHENTICATION CODE
Authentication code premarc
050 00 - LIBRARY OF CONGRESS CALL NUMBER
Classification number PS3511.A5
Item number D4 1924
100 1# - MAIN ENTRY--PERSONAL NAME
Personal name Fall, Nellie M.
245 10 - TITLE STATEMENT
Title Definition of a dog,
Statement of responsibility, etc. by Nellie M. Fall ...
260 ## - PUBLICATION, DISTRIBUTION, ETC.
Place of publication, distribution, etc. Los Angeles, Calif.,
Name of publisher, distributor, etc. Fall Publishing Company
Date of publication, distribution, etc. [c1924]
300 ## - PHYSICAL DESCRIPTION
Extent 7 l.
Dimensions 19 cm.
500 ## - GENERAL NOTE
General note Poem, printed on one side of double leaves folded once in Japanese style.

No items available.

Powered by Koha